Dlhodobé skladovanie vyhoreného jadrového paliva a vplyv typu medziskladu na radiačnú situáciu

Enregistré dans:
Détails bibliographiques
Auteur principal: Jesenič, Martin (Auteur)
Autres auteurs: Nečas, Vladimír (Directeur de thèse)
Format: Manuscrit Livre
Langue:slovaque
Publié: 2016
Sujets:
Accès en ligne:http://is.stuba.sk/zp/portal_zp.pl?podrobnosti=131307
Tags: Ajouter un tag
Pas de tags, Soyez le premier à ajouter un tag!

MARC

LEADER 00000ntm a22000003a 4500
001 stuzp51885
003 SK-STU
005 20160805091703.5
007 ta
008 150427s2015----xo-----f-mn---000-0-slo-d
040 |a STU  |b slo 
041 0 |a slo 
044 |a xo 
100 1 |a Jesenič, Martin  |u 036000  |k Z4  |4 aut  |U FEI Fakulta elektrotechniky a informatiky  |T FEI Ústav jadrového a fyzikálneho inžinierstva  |X 9021  |U E060  |Y 817  |7 A000009021 
242 0 1 |a Long-term storage of spent nuclear fuel and impact of interim storage type on radiation situation  |y eng 
245 1 0 |a Dlhodobé skladovanie vyhoreného jadrového paliva a vplyv typu medziskladu na radiačnú situáciu 
260 |c 2016 
300 |a 103 s., príl. 
650 4 |a VJP  |2 slo 
650 4 |a VISIPLAN  |2 slo 
650 4 |a CASTOR 440/84M  |2 slo 
650 4 |a Systém MVDS  |2 slo 
650 4 |a JAVYS  |2 slo 
650 4 |a VISIPLAN  |2 eng 
650 4 |a CASTOR 440/84M  |2 eng 
650 4 |a SNF  |2 eng 
650 4 |a MVDS system  |2 eng 
650 4 |a JAVYS  |2 eng 
700 1 |a Nečas, Vladimír  |u 036000  |k Z1  |4 ths  |U FEI Fakulta elektrotechniky a informatiky  |T FEI Ústav jadrového a fyzikálneho inžinierstva  |X 1934  |U E060  |Y 817  |7 A000001934 
856 4 |u http://is.stuba.sk/zp/portal_zp.pl?podrobnosti=131307 
996 |b 284EP11436  |c E*DIPL- 11436  |l EE36  |s P  |a 0  |w stuzp51885_0001 
SQL |a stuzp51885  |b DDP  |c SLO  |d Dlhodobé skladovanie vyhoreného jadrového paliva a vplyv typu medziskladu na radiačnú situáciu  |e 9021  |f Jesenič, Martin  |g 036000  |h 1934  |i Nečas, Vladimír  |j 20160613  |k 1173  |l 03  |m http://is.stuba.sk/zp/portal_zp.pl?podrobnosti=131307  |n I-JFI  |o 5.2.48. fyzikálne inžinierstvo